000 00695nam a2200193 a 4500
001 000037241
003 OSt
005 20220321135113.0
008 120316s2011 dr 000 0 spa d
020 _a9789945878936
040 _aDO-SdBNP
_bspa
_cBNPHU
082 _axxxxx
_bG943
245 0 0 _aGuía para la autogestión y vinculación interinstitucional. :
_bdesde las escuelas laborales.
260 _aSanto Domingo, :
_bOEI,
_c2011.
300 _a15 p. ;
_c28 cm.
500 _arevisión equipo técnico de la direccion general de educación de adultos del MINERD
710 2 _aOrganización de Estados Iberoamericanos para la Educación, la Ciencia y la Cultura
_929137
942 _2ddc
_cLBS1
999 _c36731
_d36731